English for Australia schools
Сохранить в:
| Формат: | |
|---|---|
| Опубликовано: |
1963
|
| Метки: |
Добавить метку
Нет меток, Требуется 1-ая метка записи!
|
| Thư viện lưu trữ: | Mạng thư viện Đại học Đà Nẵng |
|---|
| LEADER | 00438nam a22001811a 4500 | ||
|---|---|---|---|
| 001 | 000037764 | ||
| 003 | 14059 | ||
| 005 | 20160412021140.0 | ||
| 008 | 160412s1963 000 | ||
| 082 | |a 4A(07)1164 | ||
| 245 | |a English for Australia schools |c Ronald Ridout | ||
| 260 | |c 1963 | ||
| OWN | |a LNN | ||
| 999 | |a From the UDN01 | ||
| TYP | |a Monograph | ||
| 980 | |a Mạng thư viện Đại học Đà Nẵng | ||